Statistics for Every Minecraft Mob in Emoji

Click here to take the quiz!

General Stats

  • This quiz has been taken 172 times
    (130 since last reset)
  • The average score is 52 of 74

Answer Stats

HintAnswer% Correct
๐Ÿฆ‡Bat
97%
๐Ÿ˜บCat
96%
๐ŸฎCow
95%
๐Ÿ“๐ŸฅšChicken
94%
๐ŸทPig
91%
๐ŸฆŠFox
90%
๐ŸผPanda
90%
๐ŸฆœParrot
90%
๐ŸฐRabbit
90%
๐Ÿ‘Sheep
90%
๐ŸŽHorse
87%
๐Ÿ’ฃCreeper
86%
๐Ÿ„๐Ÿ„Mooshroom
86%
๐Ÿ’ง๐ŸงŸโ€โ™‚๏ธDrowned
84%
๐Ÿ”š๐ŸฒEnder Dragon
84%
๐Ÿฆด๐ŸŽSkeleton Horse
83%
๐Ÿฆ‘Squid
83%
๐Ÿ’ง๐ŸขTurtle
82%
๐ŸงŸโ€โ™‚๏ธ๐ŸŽZombie Horse
82%
๐ŸBee
80%
๐ŸฌDolphin
80%
๐ŸGoat
80%
๐Ÿท๐Ÿ‘จPiglin
80%
๐Ÿ Tropical Fish
80%
๐ŸงŸโ€โ™‚๏ธZombie
80%
๐Ÿ”ฅBlaze
78%
โ„๏ธ๐ŸปPolar Bear
78%
๐Ÿฆด๐ŸนSkeleton
78%
โ„๏ธ๐ŸŽƒSnow Golem
78%
๐Ÿ‘ƒ๐Ÿ‘ฆVillager
78%
๐ŸธFrog
77%
๐Ÿ’ก๐Ÿฆ‘Glow Squid
77%
๐ŸกPufferfish
77%
๐Ÿ•ทSpider
77%
๐Ÿฆ™๐Ÿฆ™๐Ÿ‘ƒ๐Ÿ‘ฆ
Also ripoff trades
Wandering Trader
75%
๐Ÿฆ™Llama
73%
๐Ÿ‘ป๐Ÿ›Phantom
72%
๐Ÿ’€๐Ÿ’€๐Ÿ’€Wither
72%
๐Ÿ“ฆ๐ŸŸชShulker
71%
๐ŸŸ๐ŸŒŠCod
70%
๐Ÿœ๐ŸงŸโ€โ™‚๏ธHusk
70%
๐ŸŸ๐ŸžSalmon
70%
๐Ÿ˜บ๐ŸŒณOcelot
69%
Small ๐Ÿ•ทCave Spider
68%
๐Ÿฆดโš”๏ธโ—ผ๏ธWither Skeleton
68%
๐ŸงŸโ€โ™‚๏ธ๐Ÿ‘ƒZombie Villager
68%
๐Ÿฆพ๐ŸฆพIron Golem
67%
๐Ÿง™โ€โ™€๏ธ๐Ÿ‘ƒWitch
67%
๐Ÿงšโ€โ™€๏ธ๐ŸŸฆAllay
66%
๐Ÿ˜ก๐ŸทHoglin
65%
๐ŸŽโค๏ธ๐ŸŽ๐Ÿšถ๐Ÿปโ€โ™‚๏ธMule
63%
๐ŸŒญ๐ŸงŠ or ๐ŸบWolf
63%
๐ŸŽ๐Ÿšถ๐Ÿปโ€โ™‚๏ธDonkey
62%
๐Ÿ‘๐ŸŸชEnderman
62%
๐Ÿธ๐Ÿ‘ถTadpole
62%
๐Ÿฅˆ๐ŸŸSilverfish
61%
๐Ÿ›๐ŸŸชEndermite
60%
๐Ÿ›ธโฌœ๏ธ๐Ÿ”ฅ๐Ÿ€๐Ÿ˜พGhast
60%
๐Ÿท๐Ÿ‘จ๐Ÿช“Piglin Brute
58%
๐ŸŸข๐Ÿ“ฆSlime
56%
๐ŸงŸโ€โ™‚๏ธ๐Ÿท๐Ÿ‘ฆZombified Piglin
55%
๐Ÿช“๐Ÿ˜ ๐Ÿ‘ƒVindicator
53%
๐Ÿ˜ก๐Ÿ‚Ravager
52%
โ„๏ธ๐Ÿฆด๐Ÿน๐ŸขStray
51%
๐Ÿ“ฆ๐Ÿ”ฅ๐Ÿ—ฟMagma Cube
48%
๐Ÿ›ถ๐ŸŸฅ๐ŸฆตStrider
48%
๐Ÿ‘ผโš”๏ธVex
45%
๐Ÿ‘ƒโฌœ๏ธโŒ๐ŸนPillager
43%
โšซ๏ธ๐ŸงŒ๐Ÿง‘โ€๐Ÿฆฏ๐ŸฆพWarden
41%
๐ŸงŸโ€โ™‚๏ธ๐Ÿท๐Ÿ˜กZoglin
37%
๐Ÿงš๐Ÿฝโ€โ™‚๏ธ๐Ÿ‘ƒโฌœ๏ธ๐ŸEvoker
35%
๐Ÿ’ง๐ŸบAxolotl
34%
๐Ÿ‘โœˆ๏ธ๐Ÿ”ฅโฌœ๏ธElder Guardian
19%
๐Ÿ‘โœˆ๏ธ๐Ÿ”ฅGuardian
18%

Score Distribution

Percentile by Number Answered

Percent of People with Each Score

Your Score History

You have not taken this quiz since the last reset